Match Harry Potter Wands to Characters #4 - Multiple Choice - Statistics

General Stats
  • This quiz has been taken 17 times
  • The average score is 5 of 12
Answer Stats
Question Answer % Correct
Parvati Patil
62%
Oliver Wood
62%
Kingsley Shacklebolt
62%
Molly Weasley
54%
Filius Flitwick
54%
Dean Thomas
38%
Gellert Grindelwald
38%
James Potter
38%
Katie Bell
38%
Poppy Pomfrey
31%
Corban Yaxley
23%
Vincent Crabbe
23%
No matching quizzes found
Score Distribution
Percent of People with Each Score
Percentile by Number Answered
Your Score History
You have not taken this quiz